000 00642nam a22002057a 4500
005 20251108172656.0
008 250721s2002 xx 000 0 ara d
082 1 4 _a614.44/مبا
100 1 _aقطيشات، تالا
_eمؤلف
245 1 0 _aمبادئ في الصحة و السلامة العامة /
264 1 _aعمان :
_bدار المسيرة،
_c2002.
300 _a280ص
650 1 7 _aالطب الوقائي
650 1 7 _aالصحة العامة
650 1 7 _aالصحة المنزلية
650 1 7 _aالصحة الوقائية
700 1 _aالبياري، نهلة
_eمؤلف
942 _2ddc
_cBK
999 _c85656
_d85656